000 00794nam a2200205Ii 4500
003 JO-AjNU
008 230605s9999||||xx |||||||||||||| ||und||
040 _aJO-AjNU
_bara
_erda
_cJO-AjNU
041 _aara
050 1 4 _aDS223.S357 2019
100 3 _aالسامرائي، فراس سليم الحسني، م. مشارك قيس حاتم هاني الجنابي ,
_eauthor
_960758
245 0 0 _aتاريخ العرب القديم وعهد الرسول صلى الله عليه وسلم
250 _aط1
264 3 1 _aعمان: دار صفاء للنشر والتوزيع، 2019
300 _a287ص
336 _atext
_btxt
_2rdacontent
337 _aunmediated
_bn
_2rdamedia
338 _avolume
_bnc
_2rdacarrier
650 4 _a العرب القديم- الاسلام - تاريخ
_960759
999 _aA27419
_c30987
_d30987